000 01195nam a2200229Ia 4500
001 L248-46800
003 IT-CnALBA
008 170116s9999||||xx |||||||||||||| ||und||
040 _aIT-CnALBA
_cIT-CnALBA
041 _aITALIANO
100 _aCARVAJAL FERNANDEZ FRANCISCO
245 0 _aLA TIEPIDEZZA. COME PREVENIRE E SUPERARE LA MEDIOCRITA' SPIRITUALE.
250 _a1a ed.
260 _a ROMA, MILANO.
_bARES EDIZIONI
_c1996 [1° Ed.:1996 - Ed.Ling.Originale: 1978]
300 _a157 p.
500 _aPERICOLI. TRISTEZZA E TIEPIDEZZA. CRISTO MODELLO. AMORE ALLE PICCOLE COSE. GIOIA E SACRIFICIO. LA LUCE DELLA FEDE. LE FIGLIE. PECCATO VENIALE. CONFESSIONE FREQUENTE. IL BUON PASTORE. AMORE A DIO E AL PROSSIMO. DEVOZIONE ALLA MADONNA.
501 _aSocietà San Paolo EM - Piazza San Paolo, 14 - 12051 ALBA (CN) (non commercial uses only) ® Copyright 2017
520 _aPERICOLI. TRISTEZZA E TIEPIDEZZA. CRISTO MODELLO. AMORE ALLE PICCOLE COSE. GIOIA E SACRIFICIO. LA LUCE DELLA FEDE. LE FIGLIE. PECCATO VENIALE. CONFESSIONE FREQUENTE. IL BUON PASTORE. AMORE A DIO E AL PROSSIMO. DEVOZIONE ALLA MADONNA.
650 _aASCETICA E MISTICA
942 _cBK
957 _71
999 _a53061
_bNO
_g Copie: 1
_c305739
_d305739